书目信息 |
| 题名: |
高效能人士都在用的工作办法
|
|
| 作者: | 恒盛杰 | |
| 分册: | Excel行政与文秘职场实践技法 | |
| 出版信息: | 北京 机械工业出版社 2016.06 |
|
| 页数: | 376页 | |
| 开本: | 26cm | |
| 丛书名: | ||
| 单 册: | ||
| 中图分类: | TP391.13 | |
| 科图分类: | ||
| 主题词: | 计算机应用 | |
| 电子资源: | ||
| ISBN: | 978-7-111-53708-3 | |
| 000 | 00752nam0 2200217 450 | |
| 001 | 3319 | |
| 005 | 20160926085809.59 | |
| 010 | @a978-7-111-53708-3@b平装@dCNY59.00 | |
| 100 | @a20151001d2016 km y0chiy0120 ea | |
| 101 | 0 | @achi |
| 102 | @aCN@b110000 | |
| 200 | 1 | @a高效能人士都在用的工作办法@Agao xiao neng ren shi dou zai yong de gong zuo ban fa@iExcel行政与文秘职场实践技法@f恒盛杰@Fheng sheng jie |
| 210 | @a北京@c机械工业出版社@d2016.06 | |
| 215 | @a376页@d26cm | |
| 330 | @a表处理软件 | |
| 517 | 1 | @aExcel行政与文秘职场实践技法@AExcel xing zheng yu wen mi zhi chang shi jian ji fa |
| 606 | 0 | @a计算机应用 |
| 690 | @aTP391.13@v4 | |
| 701 | 0 | @a恒盛杰@Aheng sheng jie |
| 801 | 0 | @aCN@b唐山师范学院图书馆@c20151001 |
| 905 | @aZUCC@dTP391.13@e1005 | |
| 高效能人士都在用的工作办法.Excel行政与文秘职场实践技法/恒盛杰.-北京:机械工业出版社,2016.06 |
| 376页;26cm |
| ISBN 978-7-111-53708-3(平装):CNY59.00 |
| 表处理软件 |
| ● |
| 相关链接 |
|
|
|
|
正题名:高效能人士都在用的工作办法
索取号:TP391.13/1005
 
预约/预借
| 序号 | 登录号 | 条形码 | 馆藏地/架位号 | 状态 | 备注 |
| 1 | 904502 | 209045022 | 第二样本阅览室/ [索取号:TP391.13/1005] | 在馆 | |
| 2 | 904503 | 209045031 | 第三借阅区/ [索取号:TP391.13/1005] | 在馆 | |
| 3 | 904504 | 209045040 | 第三借阅区/ [索取号:TP391.13/1005] | 在馆 | |
| 4 | 904505 | 209045059 | 密集书库—计算机科学学院/ [索取号:TP391.13/1005] | 在馆 | |
| 5 | 904506 | 209045068 | 第三借阅区/ [索取号:TP391.13/1005] | 在馆 |